000 00290nam a2200121Ia 4500
100 _aCopson/E.T
942 _cBK
654 _aComputer variables
245 _aTheory of Functions of a Computer variable
260 _bOxford university
_aNew Delhi
_c1992
546 _aENGLISH
999 _c31670
_d31670